000 00478nam a22001937a 4500
003 MPLRDC
005 20220104192219.0
008 210129b ||||| |||| 00| 0 eng d
020 _a978-983-2812-73-9
082 _a868.71 XSL-3
100 _a禢素莱
245 _a战地情书
_c
250 _a初版
260 _a马来西亚
_b有人出版社
_c2012
300 _b
490 _a有人大梦 THE DREAM: 03
650 _a马华文学
942 _cBK
_o868.71 XSL-3
999 _c64616
_d64606